| 000 | 00374nam a2200109Ia 4500 | ||
|---|---|---|---|
| 008 | 170221s9999 xx 000 0 und d | ||
| 100 | _aHoque, Ariful. | ||
| 245 | 2 | _aA Proposed Solution for the Chicken-Egg Dilemma in Pricing Currency Options | |
| 245 | _cAriful Hoque and Chandrasekhar Krishnamurti | ||
| 650 | _xBusiness | ||
| 856 | _uhttp://ro.uow.edu.au/aabfj/vol7/iss2/6/ | ||
| 999 |
_c307380 _d307380 |
||